Sports Quiz

Random Sports Quiz

Pro Cyclist Anagrams VIII Quiz Stats

 Plays Quiz not verified by Sporcle

Score 0/15 Timer 15:00
0 Plays Today
Anagram Answer % Correct
Hennemans ReprinterHermann Pernsteiner
63.6%
Fur BaiaoFabio Aru
54.5%
Nude ConnorConor Dunne
54.5%
Vitality BusVitaliy Buts
45.5%
Nude Drama EraArnaud Démare
27.3%
Soviet Team RobSteve Morabito
27.3%
Hand SeamanAdam Hansen
18.2%
Some SanitySimon Yates
18.2%
Anagram Answer % Correct
Solid SeanDaniel Oss
9.1%
Nearby Naval LadDylan van Baarle
9.1%
You Has AsthmaSho Hatsuyama
9.1%
Put Power WriteWouter Wippert
9.1%
Old Driven JetStijn Devolder
0%
Looms Like WhoaLiam Holowesko
0%
Believed In BaldDavide Rebellin
0%

You're not logged in!

Compare scores with friends on all Sporcle quizzes.
OR
Log In

Sporcle TV

Today on Sporcle TV


Watch our educational content, quiz creation guides, and fun videos on Sporcle TV.

Show Comments

Extras

Created Sep 19, 2019ReportNominate
Tags:Cycling

Top Quizzes Today


Score Distribution

Your Account Isn't Verified!

In order to create a playlist on Sporcle, you need to verify the email address you used during registration. Go to your Sporcle Settings to finish the process.

Report this User

Report this user for behavior that violates our Community Guidelines.

Details: